00637nam a22001937a 45000050016000000100020000160200038000360350019000740370013000930820012001062450076001182600039001942700052002333000029002855000040003146500038003546500037003927000014004292010073105315.0 aENG-97232-97233 a9789380096322c1990(set of 2 vol) aEN-80765-80766 bDBAD/PUB a181.403 aBiographical encyclopaedia of Indian philosophers /cedited byM.K Singh aNew DelhibAlfa Publicationsc2009 a4398/5,Ansari Road DaryaganjbNew Delhie110002 a2v(304p,624p)c21cm (Hb) aincludes bibliographical references aHindu philosopher India biography aPhilosopher biography dictionary aM K Singh